Notas sobre el desarrollo del pensamiento social en Chile, 1901-1906
I tiakina i:
| Kaituhi matua: | |
|---|---|
| Hōputu: | Pukapuka |
| Reo: | Pāniora |
| I whakaputaina: |
Santiago, Chile
Jurídica de Chile
1968
|
| Rangatū: | Memoria,
39 |
| Ngā marau: | |
| Ngā Tūtohu: |
Tāpirihia he Tūtohu
Kāore He Tūtohu, Me noho koe te mea tuatahi ki te tūtohu i tēnei pūkete!
|
MARC
| LEADER | 00000nam a2200000 a 4500 | ||
|---|---|---|---|
| 001 | UCS2838 | ||
| 003 | CL-VaPUC | ||
| 005 | 20250103100353.0 | ||
| 008 | 970606e19680000CL |||||||||||||||||spa|d | ||
| 999 | |c 260767 |d 260765 | ||
| 040 | |c Pontificia Universidad Católica de Valparaíso | ||
| 082 | 0 | 4 | |a 983.063 IÑI 1968 |2 21 |
| 100 | 0 | |a Iñíguez Irarrázaval, Pedro Felipe |e author |9 388707 | |
| 245 | 1 | 0 | |a Notas sobre el desarrollo del pensamiento social en Chile, 1901-1906 |
| 260 | |a Santiago, Chile |b Jurídica de Chile |c 1968 | ||
| 300 | |a 127 páginas | ||
| 490 | 0 | |a Memoria, |v 39 | |
| 583 | |a last modification |c 20160912 11:28:20 |k Rodrigo Vera | ||
| 650 | 0 | |a Historia de Chile siglo 20 |y SIGLO 20 |9 268145 | |
| 650 | 7 | |a ESTRUCTURA SOCIAL |2 CL-VaPUC |9 388708 |z CHILE | |
| 650 | 0 | |a Problemas sociales |z CHILE |9 258537 | |
| 650 | 0 | |a Iglesia Católica |z CHILE |9 256114 | |
| 650 | 0 | |a Partidos políticos |z CHILE |9 254999 | |
| 852 | |a BIBCUR | ||
| 942 | |c BK |2 ddc | ||
| 945 | |d 19970606 00:00:00 |a lriquelm | ||
| 952 | |0 0 |1 0 |2 ddc |4 0 |6 983_063000000000000_IÑI_1968 |7 0 |8 P |9 287105 |a BIBDER |b BIBDER |d 2019-11-19 |i 1865048 |o 983.063 IÑI 1968 |p 1865048 |r 2023-01-25 |t 3 |w 2019-11-19 |y BK |k DER | ||
| 952 | |0 0 |1 0 |2 ddc |4 0 |6 983_063000000000000_IÑI_1968 |7 0 |8 A |9 287106 |a BIBHIS |b BIBHIS |d 2019-11-19 |i 1337289 |o 983.063 IÑI 1968 |p 1337289 |r 2025-01-20 |t 4 |w 2019-11-19 |y BK |k HIS | ||